000 00574cam a2200205ua 4500
020 _a0-8213-1375-4
041 _aeng
_h
082 _a553.7
_bJEF/LA
100 _aJeffcoate, Philip .
245 _aLarge water meters /
_cPhilip Jeffcoate.
_hTextual Documents
250 _a1 /
_b.
260 _aWashington :
_bThe World Bank ,
_c1989.
300 _a104 ; .
440 0 _aWater supply operations management series,
_v
_x;
490 0 _aWater supply operations management series,
_v
_x;
504 _a
700 1 _aPond, Roy .
942 _cBK
999 _c9786
_d9786